000 01480nab a2200217 i 4500
001 768714001
003 CO-MdFUSB
005 20240509165529.0
008 240509t1969 sp ||||| |||| 00| 0 spa d
040 _bspa
_cCO-MdFUSB
_dCO-MdFUSB
041 _aspa
100 _aDussel, Enrique D.
_d1934-
_eautor
245 1 _aDe la secularización al secularismo de la ciencia :
_bdesde el renacimiento a la ilustración
_c/ Enrique D. Dussel
520 _aLa secularización de la ciencia del Renacimiento a la Ilustración es un proceso que podríamos, artificialmente, comenzar en 1440 con la De docta ignorantia de Nicolás de Cusa y terminar en 1781 con la Kritik der reinen Vernunft de Emmanuel Kant, que es ya un puente entre la Ilustración y el romanticismo. Sin embargo, este artículo es una análisis del período comprendido entre Nicolás V (1447- 1455), primer papa humanista, hasta Pío VI (1775-1799) o la Revolución francesa. Esta época es esencial para la comprensión de la cuestión de la muerte de Dios que tanto ocupa a la teología actual.
650 7 _aSecularización (Teología)
_96926
650 0 _aHistoria de la Iglesia
_9153
653 _aSacralización y secularización en la historia de la Iglesia
773 0 _049450
_982610
_oR2537
_tRevista internacional de teología Concilium
_w(CO-MdFUSB)8
_x0210-1041
_gNúmero 47, (julio - agosto, 1969), páginas: 91 -114
_qpágina: 91
942 _cANA
945 _aCatherine Arias Alvarez - Practicante SENA
999 _c69642
_d69642